000 00606nam a22001817a 4500
999 _c4436
_d4436
003 DO-SdBJH
005 20180724145051.0
008 180724b ||||| |||| 00| 0 spa d
020 _a99934-42-13-5
040 _aDO-SdBJH
_bspa
_cDO-SdBJH
082 _aRD 861.44
_bR175L
100 _aRamos Sucre, José Antonio
245 _aLas lenguas de la máscara
_b : (Antología poética de José Antonio Ramos Sucre)
_c/ intr. y selección Alexis Gómez Rosa
260 _aSanto Domingo :
_bComisión Permanente de la Feria del Libro
_c2000
300 _a261 p.
650 _2Poesía dominicana.
942 _2ddc
_cBK